00843nam a2200169 a 450000100100000000500170001000800410002704000250006808200150009310000330010824500510014126000360019230000350022850002030026395201900046699900170065600004630320201002052756.0150717s1967 dr ac 000 0 spa d aDO-SdBNPbspacBNPHU axxxxbxxxx1 aDomínguez, Franklin92693213aEl último instante /cFranklin Domínguez,. a[Santo Domingo :bs.n.,c1967]. a51 p. :bil., retrs. ;c22 cm. aMonólogo de Franklin Domínguez ; actuación de Monina Sola ; dirección: Instituto Politécnico de Santiago, jueves 18 de mayo del 1967, José Avila Castillo ; la interprete: Marie Lourties. 0010718PDaPDbPDcCTd2015-07-17iLF1l0oxxxx xxxxp46303-10r2020-06-25w2020-06-25yLFPDzPerteneció a la bilblioteca personal de Chiqui Vicioso Fidelio Despradel.ZNo se presta c45792d45792